[Event "Mitropa Cup Online (Women)"]
[Site "Tornelo INT"]
[Date "2021.05.11"]
[Round "8.2"]
[White "Sankova, Stella"]
[Black "Seps, Monika"]
[Result "0-1"]
[WhiteElo "2087"]
[BlackElo "2243"]
[PlyCount "48"]
[EventDate "2021.05.04"]
[EventType "team-tourn"]
[EventRounds "9"]
[EventCountry "SUI"]
[SourceTitle "CBM 202 Extra"]
[Source "ChessBase"]
[SourceDate "2021.07.31"]
[SourceVersion "1"]
[SourceVersionDate "2021.07.31"]
[SourceQuality "1"]
[WhiteTeam "Slovakia (W)"]
[BlackTeam "Switzerland (W)"]
[WhiteTeamCountry "SVK"]
[BlackTeamCountry "SUI"]

1. e4 e6 2. d4 d5 3. Nc3 Bb4 4. exd5 exd5 5. Bd3 Nc6 6. a3 Bxc3+ 7. bxc3 Nge7 8. Qf3 Be6 9. Ne2 Qd7 10. 0-0 0-0-0 11. a4 Bf5 12. Ba3 h5 13. Rfb1 g5 14. Nc1 g4 15. Qd1 Rdg8 16. Nb3 b6 17. Bb5 Rg6 18. a5 g3 19. fxg3 h4 20. Qf1 hxg3 21. h3 Bxh3 22. Qxf7 Bxg2 23. Bxe7 Qh3 24. Ba6+ Kb8 0-1

[Event "Mitropa Cup Online (Women)"]
[Site "Tornelo INT"]
[Date "2021.05.09"]
[Round "6.2"]
[White "Froewis, Annika"]
[Black "Seps, Monika"]
[Result "1-0"]
[WhiteElo "2143"]
[BlackElo "2243"]
[PlyCount "169"]
[EventDate "2021.05.04"]
[EventType "team-tourn"]
[EventRounds "9"]
[EventCountry "SUI"]
[SourceTitle "CBM 202 Extra"]
[Source "ChessBase"]
[SourceDate "2021.07.31"]
[SourceVersion "1"]
[SourceVersionDate "2021.07.31"]
[SourceQuality "1"]
[WhiteTeam "Austria (W)"]
[BlackTeam "Switzerland (W)"]
[WhiteTeamCountry "AUT"]
[BlackTeamCountry "SUI"]

1. d4 Nf6 2. Nc3 d5 3. Bf4 a6 4. e3 Bf5 5. f3 e6 6. g4 Bg6 7. h4 h5 8. g5 Nfd7 9. Bd3 Bxd3 10. Qxd3 g6 11. Nge2 Bg7 12. e4 c6 13. 0-0-0 b5 14. Rde1 Nb6 15. Be5 Bxe5 16. dxe5 N8d7 17. exd5 cxd5 18. Ng3 Qc7 19. f4 Qc4 20. Qxc4 Nxc4 21. Nce2 Rc8 22. Nd4 0-0 23. Rh2 Rfe8 24. Rhe2 Nf8 25. Rf1 Rc7 26. Rf3 Na5 27. Rd3 Nd7 28. Kb1 Nb6 29. Rf3 Nc6 30. Nxc6 Rxc6 31. Rd2 Rc4 32. b3 Rc7 33. Ne2 Rec8 34. Kb2 Nd7 35. Rc3 Nc5 36. Rd4 Kf8 37. a3 Ke7 38. Re3 Ne4 39. c3 a5 40. Rdd3 Nc5 41. Rd1 Nd7 42. Nd4 Rb7 43. Nc2 Nc5 44. Rf3 Na6 45. Rd4 Nb8 46. Rdd3 Nc6 47. Rf2 b4 48. cxb4 axb4 49. axb4 Nxb4 50. Rd4 Rcb8 51. Nxb4 Rxb4 52. Rxb4 Rxb4 53. Ka3 Re4 54. b4 Kd7 55. Ka4 Kc6 56. Ka5 Rc4 57. Rf3 Rc1 58. b5+ Kb7 59. Rb3 Ra1+ 60. Kb4 Rf1 61. Kc5 Rxf4 62. Rh3 Kc7 63. b6+ Kb7 64. Ra3 Rc4+ 65. Kb5 Kb8 66. Rf3 Rxh4 67. Rxf7 Rc4 68. Ka6 Ra4+ 69. Kb5 Rc4 70. Rf6 Rc8 71. Rxg6 d4 72. Rxe6 d3 73. Rd6 Re8 74. e6 d2 75. Ka6 Kc8 76. Rxd2 Rxe6 77. Rh2 Re1 78. Rxh5 Ra1+ 79. Kb5 Rb1+ 80. Kc6 Rc1+ 81. Kd5 Rb1 82. Rh8+ Kb7 83. g6 Rxb6 84. g7 Rg6 85. g8Q 1-0

[Event "Online Olym Div2 C"]
[Site "Chess.com INT"]
[Date "2020.08.16"]
[Round "7.4"]
[White "Seps, Monika"]
[Black "Janzelj, Lara"]
[Result "1-0"]
[WhiteElo "2243"]
[BlackElo "2207"]
[PlyCount "107"]
[EventDate "2020.08.14"]
[EventType "team-tourn (rapid)"]
[EventRounds "9"]
[EventCountry "USA"]
[SourceTitle "CBM 198"]
[Source "ChessBase"]
[SourceDate "2020.10.31"]
[SourceVersion "1"]
[SourceVersionDate "2020.10.31"]
[SourceQuality "1"]
[WhiteTeam "Switzerland"]
[BlackTeam "Slovenia"]
[WhiteTeamCountry "SUI"]
[BlackTeamCountry "SLO"]

1. d4 d5 2. Bf4 Nf6 3. e3 e6 4. Nf3 Bd6 5. Bg3 0-0 6. Bd3 b6 7. Nbd2 c5 8. c3 Nc6 9. Ne5 Bb7 10. f4 Ne7 11. Bh4 Nf5 12. Bxf5 exf5 13. 0-0 Be7 14. Bxf6 Bxf6 15. h3 Be7 16. g4 fxg4 17. hxg4 Re8 18. g5 f6 19. gxf6 Bxf6 20. Qh5 Re7 21. Ndf3 g6 22. Qh6 Qf8 23. Qh2 Bc8 24. Rf2 Bf5 25. Raf1 c4 26. Ng5 b5 27. Qg3 Rb7 28. Rh2 a5 29. Ng4 Bxg4 30. Qxg4 Re8 31. Rf3 Qd6 32. Rfh3 Bxg5 33. Qxg5 Rf8 34. Rg2 Rg7 35. Qe5 Qxe5 36. dxe5 Kf7 37. Rd2 Ke6 38. Kf2 b4 39. Kf3 Rgf7 40. Rdh2 Rh8 41. Rd2 Rd7 42. Rh1 bxc3 43. bxc3 Rb8 44. Rdh2 Rbb7 45. e4 dxe4+ 46. Kxe4 h5 47. Rg1 Kf7 48. Rhg2 Rb6 49. f5 Rd3 50. Rxg6 Rxg6 51. Rxg6 Rxc3 52. e6+ Ke7 53. Rg7+ Kf8 54. f6 1-0

[Event "Olympiad Women-43"]
[Site "Batumi"]
[Date "2018.10.01"]
[Round "7.25"]
[White "Seps, Monika"]
[Black "Efroimski, Marsel"]
[Result "1-0"]
[WhiteElo "2230"]
[BlackElo "2313"]
[PlyCount "103"]
[EventDate "2018.09.24"]
[EventType "team-swiss"]
[EventRounds "11"]
[EventCountry "GEO"]
[SourceTitle "EXT 2020"]
[Source "ChessBase"]
[SourceDate "2019.10.17"]
[SourceVersion "1"]
[SourceVersionDate "2019.10.17"]
[SourceQuality "1"]
[WhiteTeam "Switzerland (W)"]
[BlackTeam "Israel (W)"]
[WhiteTeamCountry "SUI"]
[BlackTeamCountry "ISR"]

1. e4 e6 2. d4 d5 3. Nd2 Be7 4. Ngf3 Nf6 5. e5 Nfd7 6. Bd3 c5 7. c3 Nc6 8. 0-0 a5 9. a4 Qb6 10. dxc5 Qc7 11. Nb3 Ncxe5 12. Bf4 Nxf3+ 13. Qxf3 Qd8 14. Qg3 0-0 15. Bc7 Qe8 16. Bb5 f5 17. c4 dxc4 18. Nxa5 Qh5 19. Nxc4 Bxc5 20. Bd6 f4 21. Bxf4 Nf6 22. Qg5 Qxg5 23. Bxg5 Nd5 24. Rad1 Nc7 25. Be3 b6 26. Nxb6 Bxb6 27. Bxb6 Nxb5 28. axb5 Bb7 29. Rd7 Rf7 30. Rxf7 Kxf7 31. Rc1 Rc8 32. Bc7 Ke7 33. b6 Kd7 34. f3 Bd5 35. Kf2 g6 36. Ke3 h5 37. Kd4 g5 38. Rc3 g4 39. fxg4 hxg4 40. h3 Bxg2 41. hxg4 Rg8 42. Rg3 Bd5 43. g5 Rg6 44. Kc5 Be4 45. Rg4 Bd5 46. Bf4 Bh1 47. Be5 Bd5 48. Bf4 Rg7 49. Rg1 Rg6 50. Kb5 Bf3 51. Ka6 Ke8 52. Be5 1-0

[Event "Olympiad Women-43"]
[Site "Batumi"]
[Date "2018.09.30"]
[Round "6.22"]
[White "Antonova, Nadezhda"]
[Black "Seps, Monika"]
[Result "0-1"]
[WhiteElo "2038"]
[BlackElo "2230"]
[PlyCount "156"]
[EventDate "2018.09.24"]
[EventType "team-swiss"]
[EventRounds "11"]
[EventCountry "GEO"]
[SourceTitle "EXT 2020"]
[Source "ChessBase"]
[SourceDate "2019.10.17"]
[SourceVersion "1"]
[SourceVersionDate "2019.10.17"]
[SourceQuality "1"]
[WhiteTeam "Tajikistan (W)"]
[BlackTeam "Switzerland (W)"]
[WhiteTeamCountry "TJK"]
[BlackTeamCountry "SUI"]

1. d4 Nf6 2. Nf3 g6 3. Nbd2 c5 4. dxc5 Qa5 5. a3 Qxc5 6. b4 Qc7 7. c4 Bg7 8. Bb2 d6 9. e3 0-0 10. Rc1 b6 11. Be2 Bb7 12. 0-0 Nbd7 13. Nd4 a6 14. Bf3 Rac8 15. N4b3 Qb8 16. Qe2 Rc7 17. Rfd1 Rfc8 18. h3 Qa8 19. Bxb7 Qxb7 20. Nf3 Ne4 21. Bd4 Bxd4 22. exd4 d5 23. c5 a5 24. Nfd2 axb4 25. axb4 Ndf6 26. f3 Nxd2 27. Nxd2 Ra8 28. Nf1 bxc5 29. bxc5 Qc6 30. Rb1 Rb7 31. Qc2 Rab8 32. Rxb7 Qxb7 33. Qe2 Nh5 34. Qe5 Ra8 35. Ne3 Nf6 36. Rc1 Qb2 37. Rd1 Qb7 38. Rc1 Qb2 39. Rd1 Ra2 40. Qxe7 Qf2+ 41. Kh1 Kg7 42. Qxf6+ Kxf6 43. Ng4+ Ke6 44. Nxf2 Rxf2 45. Kh2 Rc2 46. h4 h5 47. Rd3 f6 48. Kh3 Kf5 49. g3 g5 50. hxg5 fxg5 51. g4+ hxg4+ 52. fxg4+ Ke4 53. Rd1 Rc3+ 54. Kg2 Kf4 55. Re1 Rc4 56. Kh3 Rxd4 57. Rf1+ Ke4 58. Rf5 Rc4 59. Rxg5 d4 60. c6 d3 61. Rg8 Rxc6 62. Re8+ Kf3 63. g5 d2 64. Rf8+ Ke4 65. Rd8 Rc3+ 66. Kg4 Rd3 67. Re8+ Kd4 68. Rd8+ Kc4 69. Rc8+ Kb5 70. Rb8+ Kc6 71. Rb1 d1Q+ 72. Rxd1 Rxd1 73. Kf5 Kd7 74. Kf6 Rf1+ 75. Kg7 Ke7 76. g6 Rg1 77. Kh7 Kf8 78. Kh8 Rxg6 0-1

[Event "Olympiad Women-42"]
[Site "Baku"]
[Date "2016.09.06"]
[Round "5.1"]
[White "Hernandez, Bera"]
[Black "Seps, Monika"]
[Result "0-1"]
[WhiteElo "1808"]
[BlackElo "2276"]
[PlyCount "92"]
[EventDate "2016.09.02"]
[EventType "team-swiss"]
[EventRounds "11"]
[EventCountry "AZE"]
[SourceTitle "CBM 174 Extra"]
[Source "ChessBase"]
[SourceDate "2016.10.10"]
[SourceVersion "1"]
[SourceVersionDate "2016.10.10"]
[SourceQuality "1"]
[WhiteTeam "El Salvador (W)"]
[BlackTeam "Switzerland (W)"]
[WhiteTeamCountry "ESA"]
[BlackTeamCountry "SUI"]

1. e4 c5 2. Nf3 Nc6 3. c3 Nf6 4. Bd3 d6 5. Bc2 Bg4 6. h3 Bxf3 7. Qxf3 g6 8. d3 Bg7 9. Nd2 0-0 10. Nf1 b5 11. Ne3 b4 12. Ba4 Ne5 13. Qd1 bxc3 14. 0-0 Qa5 15. Bb3 Qb5 16. Nc4 Nxc4 17. dxc4 Qb7 18. e5 Ne4 19. Qf3 Bxe5 20. bxc3 Rab8 21. Bb2 Nd2 22. Qxb7 Rxb7 23. Rfc1 Nxb3 24. axb3 Rxb3 25. Rc2 Rfb8 26. Ra2 a5 27. Kf1 a4 28. Ke2 f5 29. Kd3 Bf6 30. Bc1 Ra8 31. Ra3 Rxa3 32. Bxa3 Rb8 33. Rb2 Rxb2 34. Bxb2 Kf7 35. Bc1 Ke6 36. f4 h5 37. Kc2 Kd7 38. Kd3 Kc6 39. Kc2 e5 40. Kd3 e4+ 41. Kc2 d5 42. cxd5+ Kxd5 43. Bd2 Kc4 44. Be1 a3 45. g3 a2 46. Kb2 Bxc3+ 0-1

[Event "Mitropa Cup (Women)"]
[Site "Prague"]
[Date "2016.06.24"]
[Round "6.1"]
[White "Seps, Monika"]
[Black "Wozniak, Mariola"]
[Result "0-1"]
[WhiteElo "2253"]
[BlackElo "2295"]
[PlyCount "110"]
[EventDate "2016.06.19"]
[EventType "team-tourn"]
[EventRounds "9"]
[EventCountry "CZE"]
[SourceTitle "CBM 173 Extra"]
[Source "ChessBase"]
[SourceDate "2016.08.29"]
[SourceVersion "1"]
[SourceVersionDate "2016.08.29"]
[SourceQuality "1"]
[WhiteTeam "Switzerland (W)"]
[BlackTeam "Poland (W)"]
[WhiteTeamCountry "SUI"]
[BlackTeamCountry "POL"]

1. d4 Nf6 2. Nf3 e6 3. Bg5 h6 4. Bh4 b6 5. e3 Bb7 6. Bd3 Be7 7. Nbd2 c5 8. 0-0 0-0 9. c3 d6 10. Qe2 Nbd7 11. a4 Nh5 12. Bxe7 Qxe7 13. a5 Nhf6 14. Ba6 Nb8 15. Bxb7 Qxb7 16. axb6 axb6 17. Rxa8 Qxa8 18. Qb5 Nbd7 19. Nc4 d5 20. Nce5 Nxe5 21. Nxe5 c4 22. f4 Qb7 23. g4 Ne4 24. Kg2 Ra8 25. h4 Qa6 26. Qd7 Qa7 27. Rc1 Qxd7 28. Nxd7 Ra2 29. Rc2 b5 30. Nc5 Nxc5 31. dxc5 Kf8 32. Kf3 Ke7 33. e4 Kd7 34. exd5 exd5 35. g5 Kc6 36. Kg4 Kxc5 37. Rd2 Kd6 38. Rc2 d4 39. cxd4 Kd5 40. f5 hxg5 41. Kxg5 Ra6 42. h5 b4 43. Kf4 Kxd4 44. Rd2+ Kc5 45. Rg2 c3 46. bxc3 b3 47. Ke5 Ra2 48. Rg1 Re2+ 49. Kf4 b2 50. Rb1 Kc4 51. f6 gxf6 52. h6 Kxc3 53. Rh1 Re8 54. Kf5 Rh8 55. Kxf6 Rh7 0-1

[Event "Mitropa Cup (Women)"]
[Site "Prague"]
[Date "2016.06.23"]
[Round "5.1"]
[White "Krivec, Jana"]
[Black "Seps, Monika"]
[Result "1/2-1/2"]
[WhiteElo "2255"]
[BlackElo "2253"]
[PlyCount "67"]
[EventDate "2016.06.19"]
[EventType "team-tourn"]
[EventRounds "9"]
[EventCountry "CZE"]
[SourceTitle "CBM 173 Extra"]
[Source "ChessBase"]
[SourceDate "2016.08.29"]
[SourceVersion "1"]
[SourceVersionDate "2016.08.29"]
[SourceQuality "1"]
[WhiteTeam "Slovenia (W)"]
[BlackTeam "Switzerland (W)"]
[WhiteTeamCountry "SLO"]
[BlackTeamCountry "SUI"]

1. e4 e6 2. d4 d5 3. Nd2 c5 4. exd5 Qxd5 5. Ngf3 cxd4 6. Bc4 Qd6 7. 0-0 Nf6 8. Nb3 Nc6 9. Nbxd4 Nxd4 10. Qxd4 Bd7 11. Bf4 Qxd4 12. Nxd4 Rc8 13. b3 a6 14. a4 Bc5 15. Nf3 Bc6 16. Ne5 Be4 17. c3 0-0 18. Rfe1 Bf5 19. Bd3 Rfd8 20. Bxf5 exf5 21. Bg5 Ne4 22. Rxe4 fxe4 23. Bxd8 Rxd8 24. b4 Ba7 25. Nc4 g6 26. Rc1 f5 27. Kf1 b5 28. axb5 axb5 29. Na3 Rd2 30. Rc2 Rd5 31. c4 bxc4 32. Nxc4 Kf7 33. b5 Rc5 34. Ra2 1/2-1/2

[Event "EU-chT (Women) 20th"]
[Site "Reykjavik"]
[Date "2015.11.21"]
[Round "8.1"]
[White "Seps, Monika"]
[Black "Stanford, Sheila Barth"]
[Result "0-1"]
[WhiteElo "2272"]
[BlackElo "2190"]
[PlyCount "82"]
[EventDate "2015.11.13"]
[EventType "team-swiss"]
[EventRounds "9"]
[EventCountry "ISL"]
[SourceTitle "CBM 169 Extra"]
[Source "ChessBase"]
[SourceDate "2015.12.18"]
[SourceVersion "1"]
[SourceVersionDate "2015.12.18"]
[SourceQuality "1"]
[WhiteTeam "Switzerland (W)"]
[BlackTeam "Norway (W)"]
[WhiteTeamCountry "SUI"]
[BlackTeamCountry "NOR"]

1. d4 d5 2. Nf3 Nf6 3. Bg5 Ne4 4. Bf4 c5 5. e3 Nc6 6. Nbd2 Qb6 7. Bd3 Nxd2 8. Qxd2 c4 9. Be2 Qxb2 10. 0-0 e6 11. Rab1 Qa3 12. e4 Bb4 13. Qd1 0-0 14. h4 Bc3 15. exd5 exd5 16. Rb5 Rd8 17. Bg5 a6 18. Rb1 Re8 19. h5 h6 20. Be3 b5 21. Nh2 Bf5 22. Bg4 Bxg4 23. Qxg4 Qd6 24. Rbd1 Re4 25. Qf3 Qe6 26. Bxh6 Nxd4 27. Rxd4 Bxd4 28. Bc1 Re8 29. c3 Be5 30. g3 Bc7 31. h6 gxh6 32. Qh5 Re5 33. Qh4 Bd8 34. Qd4 Re4 35. Qd1 Bg5 36. Nf3 Bxc1 37. Qxc1 Kg7 38. Kg2 Qf6 39. Rd1 Re2 40. Rd4 R8e4 41. Rd2 R4e3 0-1

[Event "EU-chT (Women) 20th"]
[Site "Reykjavik"]
[Date "2015.11.15"]
[Round "3.11"]
[White "Unuk, Laura"]
[Black "Seps, Monika"]
[Result "1-0"]
[WhiteElo "2297"]
[BlackElo "2272"]
[PlyCount "99"]
[EventDate "2015.11.13"]
[EventType "team-swiss"]
[EventRounds "9"]
[EventCountry "ISL"]
[SourceTitle "CBM 169 Extra"]
[Source "ChessBase"]
[SourceDate "2015.12.18"]
[SourceVersion "1"]
[SourceVersionDate "2015.12.18"]
[SourceQuality "1"]
[WhiteTeam "Slovenia (W)"]
[BlackTeam "Switzerland (W)"]
[WhiteTeamCountry "SLO"]
[BlackTeamCountry "SUI"]

1. d4 d6 2. Nf3 Nf6 3. g3 g6 4. Bg2 Bg7 5. c4 0-0 6. 0-0 c6 7. Nc3 Bf5 8. Ne1 Be6 9. b3 d5 10. Nd3 dxc4 11. Nf4 Qc8 12. Ba3 cxb3 13. axb3 Qd7 14. e4 Nh5 15. Nxe6 Qxe6 16. e5 Rd8 17. f4 f5 18. Ra2 Qf7 19. d5 Na6 20. Rd2 cxd5 21. Bxd5 Rxd5 22. Rxd5 Bf8 23. Rd7 Rc8 24. Nd5 Nc5 25. Rc7 Rxc7 26. Nxc7 Ne6 27. Nd5 Nd8 28. Qd3 Nc6 29. Rd1 g5 30. Qf3 g4 31. Qc3 Ng7 32. Nc7 e6 33. Bxf8 Qxc7 34. Bc5 Ne7 35. Qc4 Nd5 36. Bxa7 Qd7 37. Rc1 Kf7 38. Qa4 b5 39. Qd4 Qb7 40. Bc5 Ne8 41. Ra1 Nec7 42. Bd6 Na6 43. Rc1 h5 44. Qf2 Ke8 45. h3 Kf7 46. hxg4 hxg4 47. Qh2 Kg6 48. Qh8 Qh7 49. Qxh7+ Kxh7 50. Rc6 1-0

[Event "Madrid Oliver Gonzalez Memorial 4th"]
[Site "Madrid"]
[Date "2015.10.13"]
[Round "4"]
[White "Del Rio de Angelis, Salvador Gabriel"]
[Black "Seps, Monika"]
[Result "1-0"]
[WhiteElo "2512"]
[BlackElo "2266"]
[PlyCount "79"]
[EventDate "2015.10.10"]
[EventType "swiss"]
[EventRounds "9"]
[EventCountry "ESP"]
[SourceTitle "CBM 168 Extra"]
[Source "ChessBase"]
[SourceDate "2015.10.29"]
[SourceVersion "1"]
[SourceVersionDate "2015.10.29"]
[SourceQuality "1"]

1. d4 Nf6 2. Nc3 d5 3. Bf4 c6 4. Qd3 g6 5. f3 Qb6 6. 0-0-0 Qa5 7. e4 b5 8. Kb1 b4 9. Nce2 Qb6 10. e5 Nh5 11. Be3 a5 12. g4 Ng7 13. Nh3 Na6 14. Nef4 Nc7 15. Qd2 Ba6 16. Bxa6 Rxa6 17. c4 bxc3 18. Qxc3 e6 19. Ka1 Be7 20. Nf2 a4 21. Ne2 Ra5 22. Nd3 Na6 23. Bh6 0-0 24. Bd2 Rb5 25. Qc2 c5 26. Nc3 c4 27. Nxb5 Qxb5 28. Nf4 Rc8 29. h4 a3 30. bxa3 Bxa3 31. Rb1 Qd7 32. Bc3 Ne8 33. h5 g5 34. Nh3 h6 35. f4 Be7 36. fxg5 hxg5 37. Rhf1 Bd8 38. Rf3 f6 39. Qg6+ Kf8 40. Nxg5 1-0

[Event "Olympiad Women-41"]
[Site "Tromsoe"]
[Date "2014.08.14"]
[Round "11.1"]
[White "Dimitrijevic, Aleksandra"]
[Black "Seps, Monika"]
[Result "0-1"]
[WhiteElo "2293"]
[BlackElo "2236"]
[PlyCount "60"]
[EventDate "2014.08.02"]
[EventType "team-swiss"]
[EventRounds "11"]
[EventCountry "NOR"]
[SourceTitle "CBM 162"]
[Source "ChessBase"]
[SourceDate "2014.09.17"]
[SourceVersion "1"]
[SourceVersionDate "2014.09.17"]
[SourceQuality "1"]
[WhiteTeam "Bosnia&Hercegovina (W)"]
[BlackTeam "Switzerland (W)"]
[WhiteTeamCountry "BIH"]
[BlackTeamCountry "SUI"]

1. e4 c5 2. Nc3 d6 3. Nge2 Nc6 4. g3 g6 5. Bg2 Bg7 6. d3 e6 7. 0-0 Nge7 8. f4 0-0 9. g4 f5 10. Ng3 Nd4 11. gxf5 exf5 12. Be3 Rb8 13. Nd5 Be6 14. c3 Ndc6 15. d4 cxd4 16. Nxe7+ Qxe7 17. cxd4 Bd5 18. Qd3 fxe4 19. Nxe4 Nb4 20. Qb5 Bxe4 21. Qxb4 Bxg2 22. Qb3+ Kh8 23. Kxg2 Qe4+ 24. Kg3 Rbe8 25. Rf3 g5 26. Raf1 gxf4+ 27. Bxf4 Bxd4 28. h4 Rg8+ 29. Kh3 Qe2 30. Bg3 Rxg3+ 0-1

[Event "Olympiad Women-41"]
[Site "Tromsoe"]
[Date "2014.08.11"]
[Round "9.1"]
[White "Tan, Li Ting"]
[Black "Seps, Monika"]
[Result "0-1"]
[WhiteElo "1945"]
[BlackElo "2236"]
[PlyCount "56"]
[EventDate "2014.08.02"]
[EventType "team-swiss"]
[EventRounds "11"]
[EventCountry "NOR"]
[SourceTitle "CBM 162"]
[Source "ChessBase"]
[SourceDate "2014.09.17"]
[SourceVersion "1"]
[SourceVersionDate "2014.09.17"]
[SourceQuality "1"]
[WhiteTeam "Malaysia (W)"]
[BlackTeam "Switzerland (W)"]
[WhiteTeamCountry "MAS"]
[BlackTeamCountry "SUI"]

1. d4 Nf6 2. c4 g6 3. Nc3 Bg7 4. e4 d6 5. Nf3 0-0 6. h3 Na6 7. Bg5 Qe8 8. Be2 e5 9. d5 Nh5 10. Qd2 Nf4 11. g3 Nxe2 12. Qxe2 f5 13. Bd2 Nc5 14. Rc1 a5 15. b3 Bd7 16. Rh2 b5 17. Nxb5 Bxb5 18. cxb5 fxe4 19. Ng5 Nd3+ 20. Kd1 Nxc1 21. Bxc1 a4 22. Qc4 axb3 23. Qxb3 Ra5 24. a4 Qa8 25. Nxe4 Rxa4 26. Nc3 Rd4+ 27. Ke2 e4 28. Qb1 Re8 0-1

[Event "Olympiad Women-41"]
[Site "Tromsoe"]
[Date "2014.08.05"]
[Round "4.1"]
[White "Seps, Monika"]
[Black "Shamima, Akter Liza"]
[Result "1-0"]
[WhiteElo "2236"]
[BlackElo "2147"]
[PlyCount "87"]
[EventDate "2014.08.02"]
[EventType "team-swiss"]
[EventRounds "11"]
[EventCountry "NOR"]
[SourceTitle "CBM 162"]
[Source "ChessBase"]
[SourceDate "2014.09.17"]
[SourceVersion "1"]
[SourceVersionDate "2014.09.17"]
[SourceQuality "1"]
[WhiteTeam "Switzerland (W)"]
[BlackTeam "Bangladesh (W)"]
[WhiteTeamCountry "SUI"]
[BlackTeamCountry "BAN"]

1. e4 c5 2. Nf3 e6 3. d4 cxd4 4. Nxd4 Nc6 5. Nc3 Qc7 6. Qd3 a6 7. Nxc6 bxc6 8. Qg3 Qxg3 9. hxg3 d5 10. Na4 Rb8 11. exd5 cxd5 12. Bf4 Rb4 13. b3 e5 14. Bd2 Rb8 15. f3 Ne7 16. Kf2 Nc6 17. g4 Be7 18. c4 d4 19. Bd3 Nb4 20. Bxb4 Bxb4 21. Rh5 Bd6 22. Rah1 h6 23. c5 Bc7 24. g5 Ke7 25. Nb2 a5 26. g4 Be6 27. Ke2 Bd7 28. gxh6 g6 29. R5h4 a4 30. Bc4 axb3 31. axb3 Kf6 32. Ra1 Ra8 33. Rxa8 Rxa8 34. h7 Kg7 35. h8Q+ Rxh8 36. Rxh8 Kxh8 37. Bxf7 Kg7 38. Bd5 Kf6 39. Kd3 Kg5 40. c6 Bc8 41. Ke4 Bb8 42. b4 Ba6 43. Bc4 Bc8 44. b5 1-0

[Event "EU-chT (Women) 19th"]
[Site "Warsaw"]
[Date "2013.11.17"]
[Round "9.49"]
[White "Pavlidou, Ekaterini"]
[Black "Seps, Monika"]
[Result "1-0"]
[WhiteElo "2199"]
[BlackElo "2260"]
[PlyCount "99"]
[EventDate "2013.11.08"]
[EventType "team-swiss"]
[EventRounds "9"]
[EventCountry "POL"]
[SourceTitle "EXT 2014"]
[Source "ChessBase"]
[SourceDate "2013.11.20"]
[SourceVersion "1"]
[SourceVersionDate "2013.11.20"]
[SourceQuality "1"]
[WhiteTeam "Greece (W)"]
[BlackTeam "Switzerland (W)"]
[WhiteTeamCountry "GRE"]
[BlackTeamCountry "SUI"]

1. d4 Nf6 2. c4 g6 3. Nc3 Bg7 4. e4 d6 5. Nf3 0-0 6. Be2 Bg4 7. Be3 Nfd7 8. Ng1 Bxe2 9. Ngxe2 e5 10. d5 f5 11. f3 Bh6 12. Bf2 Nf6 13. Qc2 fxe4 14. Nxe4 Nxe4 15. Qxe4 Nd7 16. Nc3 Qg5 17. 0-0 Nf6 18. Qh4 Qxh4 19. Bxh4 g5 20. Bf2 g4 21. Nb5 gxf3 22. gxf3 Rf7 23. Nxa7 Nh5 24. Nb5 Kh8 25. Kh1 Rxf3 26. Nxc7 Raf8 27. Ne6 Rxf2 28. Nxf8 Rxf8 29. Rxf8+ Bxf8 30. a4 e4 31. Ra3 Bg7 32. Rb3 Bd4 33. Rxb7 Nf4 34. Rf7 Nd3 35. Re7 e3 36. Kg2 e2 37. Rxe2 Nf4+ 38. Kf3 Nxe2 39. Kxe2 Bxb2 40. c5 Bd4 41. cxd6 Bb6 42. Kd3 Kg7 43. Kc4 Kf7 44. Kb5 Be3 45. Kc6 Bd2 46. Kc7 h5 47. d7 Ba5+ 48. Kc8 Ke7 49. h4 Bb6 50. d6+ 1-0

[Event "EU-chT (Women) 19th"]
[Site "Warsaw"]
[Date "2013.11.15"]
[Round "7.16"]
[White "Seps, Monika"]
[Black "Franciskovic, Borka"]
[Result "1/2-1/2"]
[WhiteElo "2260"]
[BlackElo "2263"]
[PlyCount "111"]
[EventDate "2013.11.08"]
[EventType "team-swiss"]
[EventRounds "9"]
[EventCountry "POL"]
[SourceTitle "EXT 2014"]
[Source "ChessBase"]
[SourceDate "2013.11.20"]
[SourceVersion "1"]
[SourceVersionDate "2013.11.20"]
[SourceQuality "1"]
[WhiteTeam "Switzerland (W)"]
[BlackTeam "Croatia (W)"]
[WhiteTeamCountry "SUI"]
[BlackTeamCountry "CRO"]

1. d4 Nf6 2. Nf3 e6 3. Bg5 c5 4. e3 h6 5. Bh4 Be7 6. Bd3 cxd4 7. exd4 b6 8. 0-0 0-0 9. c4 Bb7 10. Nc3 d5 11. Bxf6 Bxf6 12. cxd5 exd5 13. Rc1 Nc6 14. Bb1 Re8 15. Qd3 g6 16. Rfe1 Qd7 17. Qd2 Bg7 18. Bc2 Rxe1+ 19. Rxe1 Re8 20. Rxe8+ Qxe8 21. h4 h5 22. Ba4 Qe6 23. Bxc6 Bxc6 24. Qf4 Bf6 25. Ne5 Kg7 26. Kh2 a5 27. Ne2 Bb5 28. Ng1 Bd7 29. Ngf3 Qf5 30. Qc1 Bd8 31. Kg1 f6 32. Nxd7 Qxd7 33. Qc2 Bc7 34. a4 Bd6 35. b3 Bb4 36. g3 Kf7 37. Kg2 Kg7 38. Kg1 Kf7 39. Kg2 Kg7 40. Qd3 Kf7 41. Ng1 Qe8 42. f3 Qc6 43. Ne2 Bd6 44. g4 hxg4 45. fxg4 Kg7 46. Kf2 Qc8 47. Qf3 Qe6 48. Nc3 Bb4 49. Nxd5 Be1+ 50. Kg2 Bxh4 51. Nf4 Qe1 52. d5 Qd2+ 53. Kh3 Bg5 54. Ne6+ Kf7 55. Nxg5+ Qxg5 56. Qe4 1/2-1/2

[Event "EU-chT (Women) 19th"]
[Site "Warsaw"]
[Date "2013.11.12"]
[Round "5.11"]
[White "Kulovana, Eva"]
[Black "Seps, Monika"]
[Result "0-1"]
[WhiteElo "2263"]
[BlackElo "2260"]
[PlyCount "82"]
[EventDate "2013.11.08"]
[EventType "team-swiss"]
[EventRounds "9"]
[EventCountry "POL"]
[SourceTitle "EXT 2014"]
[Source "ChessBase"]
[SourceDate "2013.11.20"]
[SourceVersion "1"]
[SourceVersionDate "2013.11.20"]
[SourceQuality "1"]
[WhiteTeam "Czech Republic (W)"]
[BlackTeam "Switzerland (W)"]
[WhiteTeamCountry "CZE"]
[BlackTeamCountry "SUI"]

1. e4 c5 2. Nf3 d6 3. d4 cxd4 4. Nxd4 Nf6 5. Nc3 a6 6. Be2 e5 7. Nb3 Be7 8. 0-0 0-0 9. Re1 Nc6 10. Bf3 a5 11. a4 Nb4 12. h3 Be6 13. Bg5 Ne8 14. Bxe7 Qxe7 15. Nb5 Nc7 16. c3 Nxb5 17. axb5 Bxb3 18. Qxb3 Nd3 19. Red1 Nf4 20. b6 Qf6 21. Kh2 h5 22. Rd2 Nxg2 23. Qd1 Nh4 24. Bxh5 Qf4+ 25. Kh1 Qxe4+ 26. f3 Qh7 27. f4 Qe4+ 28. Kg1 g6 29. Bg4 f5 30. Re2 Qxf4 31. Qd5+ Kg7 32. Qxd6 Qg3+ 33. Kh1 fxg4 34. Qxe5+ Qxe5 35. Rxe5 gxh3 36. Re7+ Rf7 37. Rxf7+ Kxf7 38. Kh2 Ra6 39. Kxh3 Nf5 40. b4 Rxb6 41. Rxa5 Rc6 0-1